| 000 | 00841cam a2200241 4500 | ||
|---|---|---|---|
| 001 | WB3547-16 | ||
| 008 | 000000n1999 000 0 eng u | ||
| 035 | _a(Sirsi) u103014 | ||
| 245 | _aPylons 'double leukaemia risk' | ||
| 260 | _c1999 | ||
| 490 |
_aGuardian _v2 December 1999, 13 |
||
| 490 |
_aYorkshire Post _v2 December 1999, 4(2) |
||
| 520 | _aA research group at Bristol University claims that power lines double the risk of childhood leukaemia. However another study is expected to conclude that there is no link between electricity power lines and the risk of a child developing cancer. | ||
| 590 | _aWB | ||
| 650 | _aPYLONS | ||
| 650 | _aELECTRICITY POWER LINES | ||
| 650 | _aLEUKAEMIA | ||
| 650 | _aCANCER | ||
| 650 | _aCHILDHOOD CANCER | ||
| 650 | _aHEALTH HAZARDS | ||
| 690 | _aECONOMIC AND SOCIAL | ||
| 942 | _n0 | ||
| 999 |
_c61900 _d61900 |
||